000 00306nam a22001337a 4500
008 170602b xxu||||| |||| 00| 0 eng d
020 _a2900582505840
041 _aeng
080 _a93
100 _a17
101 _aSHH
245 _aHISTORY ON FILM/ FILM ON HISTORY
_cROSENSTONE, R.A
942 _2udc
_cBK
999 _c15533
_d15533